| 000 | 01121cab a2200409 4500 | ||
|---|---|---|---|
| 001 | ABS51372 | ||
| 008 | 090401t1994 xxu||||| |||| 00| 0 eng d | ||
| 035 | _a(Sirsi) u23682 | ||
| 041 | _aeng | ||
| 245 | _aCentrefolio : M1/A1(M) | ||
| 260 | _c1994 | ||
| 350 | _a0 | ||
| 490 |
_aProperty Week _v48(10) 8 September 1994, 29-59(10) |
||
| 650 | _aBEDFORD | ||
| 650 | _aBEDFORDSHIRE | ||
| 650 | _aBOREHAMWOOD | ||
| 650 | _aBUCKINGHAMSHIRE | ||
| 650 | _aDUNSTABLE | ||
| 650 | _aENFIELD | ||
| 650 | _aHATFIELD | ||
| 650 | _aHEMEL HEMPSTEAD | ||
| 650 | _aHERTFORDSHIRE | ||
| 650 | _aINDUSTRIAL MARKET | ||
| 650 | _aLUTON | ||
| 650 | _aMILTON KEYNES | ||
| 650 | _aPROPERTY-COMMERCIAL PROPERTY-OFFICE PROPERTY-OFFICE PROPERTY MARKET | ||
| 650 | _aPLANNING ISSUES | ||
| 650 | _aPROPERTY-COMMERCIAL PROPERTY-RETAIL PROPERTY-RETAIL PROPERTY MARKET | ||
| 650 | _aST ALBANS | ||
| 650 | _aSTEVENAGE | ||
| 650 | _aTRANSPORT ISSUES | ||
| 650 | _aWATFORD | ||
| 650 | _aWELWYN GARDEN CITY | ||
| 690 | _aPROPERTY-COMMERCIAL PROPERTY-COMMERCIAL PROPERTY MARKET | ||
| 942 | _n0 | ||
| 948 | _c04/03/1997 | ||
| 999 |
_c15853 _d15853 |
||